000 00396nam a2200121Ia 4500
008 220214s9999 xx 000 0 und d
100 _aHolley M
245 0 _aNew principles in the compounding of natural rubber for improved hysteresial properties
260 _bInternational Rubber Conference, Rubber 73, 17-20 September 1973, Prague
_c1973
300 _a15p
700 _aSmith JF
942 _cRE
999 _c46417
_d46417